| 000 | 00428nam a2200205Ia 4500 | ||
|---|---|---|---|
| 001 | 11592 | ||
| 003 | GE_BSU | ||
| 008 | 181216s||||||||xx |||||||||||||| ||und|| | ||
| 020 | _a033761359 | ||
| 040 | _cGE_BSU | ||
| 080 | _a821.111-31 | ||
| 100 | _aSmith,Wilbur. | ||
| 245 | _aBlue Horizon. | ||
| 260 | _aLondon | ||
| 260 | _bMacmillan | ||
| 260 | _c2003. | ||
| 300 | _a620p;24cm. | ||
| 653 | _aBlue Horizon. | ||
| 942 | _cBK | ||
| 999 |
_c44787 _d44787 |
||